00440nam a2200169Ia 450000500170000000800410001704000190005804100120007708200160008910000210010524500540012626000270018030000110020765000190021870000230023785000100026020230520103125.0131103s9999 xx 000 0 und d aLoreto College aEnglish a824.08bCHE aChesterton, G. K aIf I were a preachercG. K. Chesterton [et. al.]. aLondonbCassell c1929 a261p.  aEnglish essays aChesterton, G. K.  aLCLIB